=LDR 00000nam 2200000 4500 =001 000480 =005 20250710094236 =035 ##$$a 0010-0725000342 =007 ta =008 250710################a##########0#ind## =020 ##$$a 978-623-472-377-9 =082 ##$$a 398.209 598 =084 ##$$a 398.209 598 MIS k =100 #$$a Misra, Lovleen =245 1#$$a Kering atau Basah? /$c Lovleen Misra =250 ##$$a Cetakan kedua =260 ##$$a Jakarta :$b Badan Pengembangan dan pembinaan bahasa,$c 2022 =300 ##$$a 20 hlm. : $b ilus. ; $c 22,9 cm$e 398.209 598 =650 #4$$a Cerita Anak Indonesia =856 ##$$a TBM As Suhada =990 ##$$a TBM02320232